| 000 | 00705nas a2200253 454500 | ||
|---|---|---|---|
| 001 | IICA0600452 | ||
| 003 | BR-BrBNA | ||
| 005 | 20260323111526.0 | ||
| 007 | ta | ||
| 008 | 260323b bl.|||p| |||| 00| 00por d | ||
| 040 |
_aBR-BrBNA _bpor _cBiblioteca Nacional de Agricultura |
||
| 041 | _a(Es) | ||
| 072 | _aE20 | ||
| 100 | 1 | _aJolly, A.L. | |
| 245 | 1 | _aNotas sobre administracion de una finca de cacao | |
| 300 | _av. 7 (4) p. 88-94 | ||
| 650 | _aCACAU | ||
| 650 | _aTHEOBROMA CACAO | ||
| 650 | _aFAZENDA | ||
| 650 | _aADMINISTRACAO | ||
| 773 | 0 |
_tTURRIALBA (IICA) _X0041-4360 _g(Oct-Dec 1957), v. 7 (4) p. 88-94 _wIICA0600452 |
|
| 909 |
_a202603 _bLúcia _c55 _dLúcia Elande |
||
| 942 |
_2IICA _n0 _cANA |
||
| 999 |
_c340703 _d340703 |
||